[Event "DFMM: Sachsen-NRW I"]
[Site "Braunfels"]
[Date "2010.06.06"]
[Round "5.7"]
[White "Leveikina, Jevgenija"]
[Black "Just, Anita"]
[Result "1-0"]
[WhiteElo "2076"]
[BlackElo "1984"]
[PlyCount "107"]
[EventDate "2010.06.03"]
[WhiteTeam "NRW I"]
[BlackTeam "Sachsen"]

1. d4 e6 2. Nf3 f5 3. g3 Nf6 4. Bg2 Be7 5. O-O O-O 6. b3 d6 7. Bb2 Qe8 8. Nbd2
Nbd7 9. c4 Qh5 10. Qc2 Ng4 11. h3 Ngf6 12. e4 fxe4 13. Nxe4 Nxe4 14. Qxe4 Nf6
15. Qe3 h6 16. Nh2 c6 17. f4 Bd8 18. Rae1 Bd7 19. Qf3 Qg6 20. Ng4 Nxg4 21. Qxg4
Qxg4 22. hxg4 Bf6 23. Rd1 d5 24. Ba3 Rf7 25. Rfe1 Re8 26. Bd6 Be7 27. Bxe7
Rfxe7 28. Re5 Kf8 29. Rde1 Bc8 30. Bf3 dxc4 31. bxc4 Rd8 32. d5 cxd5 33. cxd5
Rd6 34. f5 b6 35. Rc1 Bb7 36. fxe6 g6 37. Be4 Kg7 38. g5 h5 39. Kf2 Kf8 40. Ke3
Kg7 41. Kd4 Ba6 42. Rc6 Rd8 43. Rc3 Bb5 44. Bd3 Ba4 45. Ba6 Be8 46. Ree3 Ba4
47. Rc8 Rxc8 48. Bxc8 Re8 49. Rc3 Kf8 50. Ke5 Ke7 51. Ba6 Rf8 52. Rc7+ Kd8 53.
Rc8+ Ke7 54. d6# 1-0

[Event "DFMM: Sachsen-NRW I"]
[Site "Braunfels"]
[Date "2010.06.06"]
[Round "5.8"]
[White "Neumeyer, Hannelore"]
[Black "Vogel, Heike"]
[Result "0-1"]
[WhiteElo "2055"]
[BlackElo "2095"]
[PlyCount "90"]
[EventDate "2010.06.03"]
[WhiteTeam "Sachsen"]
[BlackTeam "NRW I"]

1. d4 Nf6 2. Nc3 d5 3. e4 dxe4 4. f3 exf3 5. Nxf3 Bg4 6. h3 Bh5 7. g4 Bg6 8.
Ne5 e6 9. Bg2 c6 10. Bg5 Be7 11. h4 Qa5 12. O-O Nbd7 13. Bxf6 Bxf6 14. Nxd7
Kxd7 15. h5 Qg5 16. Rxf6 gxf6 17. hxg6 hxg6 18. Qf3 f5 19. d5 exd5 20. Rd1 Rae8
21. Nxd5 Kc8 22. Qc3 Qd8 23. gxf5 gxf5 24. a4 Reg8 25. Qf3 cxd5 26. Rxd5 Qb6+
27. Kf1 Qa6+ 28. Rb5 Rxg2 29. Kxg2 Qc6 30. Qxc6+ bxc6 31. Rxf5 Rh7 32. Rf2 Kc7
33. Kf3 Kd6 34. Ke3 Ke5 35. b3 f5 36. Kd3 Rh4 37. c3 f4 38. Rf3 Rh1 39. b4 Rd1+
40. Kc4 Ke4 41. Rf2 Ke3 42. Rh2 f3 43. Rh7 f2 44. Re7+ Kd2 45. Rd7+ Kc2 0-1

[Event "DFMM: Hessen-Thüringen"]
[Site "Braunfels"]
[Date "2010.06.06"]
[Round "5.1"]
[White "Hannes, Diana"]
[Black "Toth, Lili"]
[Result "1-0"]
[WhiteElo "2124"]
[BlackElo "2198"]
[PlyCount "127"]
[EventDate "2010.06.03"]
[WhiteTeam "Thüringen"]
[BlackTeam "Hessen"]

1. e4 e6 2. d3 d5 3. Nd2 Nc6 4. Ngf3 Be7 5. c3 b6 6. Qa4 Qd7 7. d4 Bb7 8. exd5
exd5 9. Bb5 a6 10. Be2 Nf6 11. O-O O-O 12. Re1 Bd6 13. Nf1 Ne7 14. Qc2 Ng6 15.
Bd3 Ne4 16. Ng5 f5 17. f3 Nxg5 18. Bxg5 Nf4 19. Bxf4 Bxf4 20. g3 Bd6 21. f4 c5
22. Nd2 Rac8 23. Qd1 g6 24. Nf3 Rce8 25. Qc2 h6 26. h4 c4 27. Bf1 Re4 28. Bg2
b5 29. Kf2 Qg7 30. Qd2 Rd8 31. Rh1 Qc7 32. Ne5 Bxe5 33. fxe5 Kg7 34. Bxe4 dxe4
35. Ke3 Kf7 36. Raf1 Ke6 37. g4 Rf8 38. Rf4 Qe7 39. Qg2 Qf7 40. Rhf1 Qh7 41. h5
Ke7 42. R1f2 Rg8 43. Qh3 Bd5 44. gxf5 gxf5 45. Qxf5 Rg3+ 46. Ke2 Qxf5 47. Rxf5
e3 48. R2f4 b4 49. Rf6 bxc3 50. bxc3 a5 51. Rxh6 Rg2+ 52. Kxe3 Rc2 53. Rh7+ Ke8
54. e6 Rxc3+ 55. Kd2 Rd3+ 56. Ke2 Rg3 57. e7 Rg2+ 58. Kf1 Rg8 59. Rf8+ Rxf8+
60. exf8=Q+ Kxf8 61. Ra7 c3 62. Rxa5 c2 63. Rc5 Bxa2 64. Rxc2 1-0

[Event "DFMM: Hessen-Thüringen"]
[Site "Braunfels"]
[Date "2010.06.06"]
[Round "5.2"]
[White "Petri, Birgit"]
[Black "Fuchs, Antje"]
[Result "0-1"]
[WhiteElo "2089"]
[BlackElo "2141"]
[PlyCount "124"]
[EventDate "2010.06.03"]
[WhiteTeam "Hessen"]
[BlackTeam "Thüringen"]

1. e4 c5 2. Nf3 d6 3. d4 cxd4 4. Nxd4 Nf6 5. Nc3 a6 6. Bg5 e6 7. f4 Be7 8. Qf3
Qc7 9. O-O-O Nbd7 10. g4 b5 11. Bxf6 gxf6 12. Bg2 Bb7 13. Qf2 Rc8 14. Rd2 b4
15. Nd1 Nc5 16. Re1 a5 17. Re3 a4 18. Kb1 Qa5 19. Qe1 Qa8 20. Nb5 b3 21. Ndc3
bxc2+ 22. Rxc2 Qb8 23. f5 e5 24. Na3 Rg8 25. Qh4 Nd7 26. h3 Qa7 27. Qe1 Rc5 28.
Rd2 Bc6 29. Bf1 Nb6 30. Ncb5 Qd7 31. Nc3 Qa7 32. Qd1 Qb8 33. Bb5 Rxb5 34. Ncxb5
Bxb5 35. Nxb5 Nc4 36. Nxd6+ Nxd6 37. Qxa4+ Kf8 38. Rb3 Qe8 39. Qa7 Kg7 40. Re2
Nb5 41. Qf2 Nd4 42. h4 Nxb3 43. axb3 Qb5 44. h5 Rd8 45. h6+ Kxh6 46. g5+ fxg5
47. Re3 Kg7 48. Rc3 Rd1+ 49. Kc2 Rf1 50. Qh2 h5 51. Rc4 h4 52. Qe2 Rg1 53. Qf2
Rg3 54. Rc3 Rxc3+ 55. bxc3 g4 56. Qg2 g3 57. Qf3 Qb6 58. Qg4+ Kf8 59. b4 Qh6
60. b5 Qg5 61. Qxg5 Bxg5 62. b6 Bd8 0-1

[Event "DFMM: Hessen-Thüringen"]
[Site "Braunfels"]
[Date "2010.06.06"]
[Round "5.3"]
[White "Müller-Ludwig, Kristin"]
[Black "Heymann-Lobzhanidze, Anna-Luise"]
[Result "1-0"]
[WhiteElo "2151"]
[BlackElo "2085"]
[PlyCount "51"]
[EventDate "2010.06.03"]
[WhiteTeam "Thüringen"]
[BlackTeam "Hessen"]

1. e4 e5 2. Nf3 Nc6 3. Bb5 Bc5 4. O-O Nd4 5. Bc4 Nxf3+ 6. Qxf3 Qf6 7. Qxf6 gxf6
8. Nc3 c6 9. d3 f5 10. Be3 Be7 11. f4 Nf6 12. Kh1 Ng4 13. Bg1 h5 14. fxe5 Nxe5
15. Bb3 fxe4 16. d4 Ng4 17. Bxf7+ Kd8 18. Nxe4 d5 19. Nc5 Kc7 20. c4 b6 21.
Ne6+ Bxe6 22. Bxe6 Kd6 23. Rae1 Rh6 24. c5+ Kc7 25. Bxg4 Bh4 26. Rf7+ 1-0

[Event "DFMM: Hessen-Thüringen"]
[Site "Braunfels"]
[Date "2010.06.06"]
[Round "5.4"]
[White "Ries, Jutta"]
[Black "Skibbe, Diana"]
[Result "1-0"]
[WhiteElo "1955"]
[BlackElo "2083"]
[PlyCount "117"]
[EventDate "2010.06.03"]
[WhiteTeam "Hessen"]
[BlackTeam "Thüringen"]

1. f4 d6 2. Nf3 Nf6 3. e3 Nbd7 4. Nc3 e6 5. b3 Be7 6. Bb2 e5 7. fxe5 Nxe5 8.
Nxe5 dxe5 9. Qe2 c6 10. h3 Be6 11. O-O-O Qa5 12. g4 O-O-O 13. Bg2 Nd5 14. Kb1
Nxc3+ 15. Bxc3 Bb4 16. Bxb4 Qxb4 17. Kb2 f6 18. Rhf1 h6 19. a3 Qd6 20. Be4 h5
21. Bf5 Kb8 22. gxh5 Bxf5 23. Rxf5 Rh6 24. d3 Rdh8 25. Rg1 Qd7 26. Qg4 R8h7 27.
Rxe5 Kc7 28. Ra5 a6 29. Rf5 Qe7 30. Qf4+ Kc8 31. Qf3 Kc7 32. d4 Qd7 33. c3 b5
34. e4 Qe8 35. e5 fxe5 36. Rxe5 Re6 37. Rgg5 Rf6 38. Rxg7+ Rxg7 39. Qxf6 Qd7
40. Qf3 Rf7 41. Qg3 Kb7 42. Qe3 a5 43. a4 b4 44. Rxa5 bxc3+ 45. Qxc3 Rf2+ 46.
Ka3 Qd6+ 47. Qb4+ Qxb4+ 48. Kxb4 Rf3 49. Rg5 Rxh3 50. Kc4 Kb6 51. a5+ Kb7 52.
b4 Rh4 53. Kc5 Rh1 54. Rg7+ Ka8 55. Kxc6 Rxh5 56. d5 Rh6+ 57. d6 Rh7 58. Rg8+
Ka7 59. d7 1-0

[Event "DFMM: Hessen-Thüringen"]
[Site "Braunfels"]
[Date "2010.06.06"]
[Round "5.5"]
[White "Lange, Corinna"]
[Black "Moutaqi, Sandra"]
[Result "1-0"]
[WhiteElo "2033"]
[BlackElo "2091"]
[PlyCount "77"]
[EventDate "2010.06.03"]
[WhiteTeam "Thüringen"]
[BlackTeam "Hessen"]

1. e4 c5 2. Nf3 Nc6 3. d4 cxd4 4. Nxd4 d6 5. Nc3 Nf6 6. a4 g6 7. Be2 Bg7 8. Be3
O-O 9. O-O Bd7 10. f4 Nxd4 11. Bxd4 Bc6 12. Bf3 e6 13. Kh1 Qd7 14. b4 a6 15.
Qd3 b5 16. a5 Rac8 17. Rad1 Qb7 18. Rfe1 Rfd8 19. Qe3 Rd7 20. Rd2 Ne8 21. Bxg7
Nxg7 22. Red1 Rcd8 23. Rd3 Qc7 24. g4 f6 25. f5 e5 26. Qh6 Kf7 27. Qxh7 gxf5
28. gxf5 Rg8 29. Rg1 Rdd8 30. h4 Kf8 31. h5 Qf7 32. Rg6 Rd7 33. Qh6 Ke7 34. Bg2
Bb7 35. Rdg3 Rc7 36. Rxg7 Rxg7 37. Rxg7 Rxc3 38. Rxf7+ Kxf7 39. Qg6+ 1-0

[Event "DFMM: Hessen-Thüringen"]
[Site "Braunfels"]
[Date "2010.06.06"]
[Round "5.6"]
[White "Zahn, Nicol"]
[Black "Kube, Hannelore"]
[Result "1/2-1/2"]
[WhiteElo "1960"]
[BlackElo "2001"]
[PlyCount "29"]
[EventDate "2010.06.03"]
[WhiteTeam "Hessen"]
[BlackTeam "Thüringen"]

1. e4 e5 2. Nf3 Nf6 3. d3 Nc6 4. Nc3 d6 5. Be2 Be7 6. O-O O-O 7. h3 h6 8. Be3
d5 9. exd5 Nxd5 10. Nxd5 Qxd5 11. d4 exd4 12. Nxd4 Nxd4 13. Qxd4 Qxd4 14. Bxd4
Bf5 15. c3 1/2-1/2

[Event "DFMM: Hessen-Thüringen"]
[Site "Braunfels"]
[Date "2010.06.06"]
[Round "5.7"]
[White "v.d. Weth - v. Nordheim, Petra"]
[Black "Fröhlich-Dill, Astrid"]
[Result "1-0"]
[WhiteElo "1798"]
[BlackElo "1910"]
[PlyCount "87"]
[EventDate "2010.06.03"]
[WhiteTeam "Thüringen"]
[BlackTeam "Hessen"]

1. d4 Nf6 2. e3 e6 3. Bd3 c5 4. Nd2 Nc6 5. c3 cxd4 6. exd4 d5 7. f4 Bd6 8. Nh3
Qc7 9. O-O Ne7 10. Qe2 Bd7 11. Nf3 Ne4 12. Bxe4 dxe4 13. Qxe4 h6 14. Ne5 Bxe5
15. Qxe5 Qc6 16. Re1 f6 17. Qe2 O-O-O 18. Be3 Nd5 19. c4 Nxe3 20. Qxe3 Kb8 21.
Rac1 g5 22. f5 exf5 23. d5 Qd6 24. Qd4 Rhe8 25. Nf2 Re5 26. Nd3 Rxe1+ 27. Rxe1
Re8 28. Rxe8+ Bxe8 29. Qc5 Qxc5+ 30. Nxc5 Kc7 31. Kf2 b6 32. Nd3 Kd6 33. Ke3
f4+ 34. Kd4 Bg6 35. Nf2 f5 36. Nd3 h5 37. b4 h4 38. c5+ bxc5+ 39. bxc5+ Kc7 40.
d6+ Kd8 41. c6 h3 42. gxh3 f3 43. Ke5 Be8 44. d7 1-0

[Event "DFMM: Hessen-Thüringen"]
[Site "Braunfels"]
[Date "2010.06.06"]
[Round "5.8"]
[White "Storkebaum, Ulrike"]
[Black "Kinzel, Tiffany"]
[Result "0-1"]
[WhiteElo "1867"]
[BlackElo "1570"]
[PlyCount "66"]
[EventDate "2010.06.03"]
[WhiteTeam "Hessen"]
[BlackTeam "Thüringen"]

1. e4 c5 2. Nf3 d6 3. d4 cxd4 4. Nxd4 Nf6 5. Nc3 a6 6. Be2 e5 7. Nb3 Be6 8. Be3
Be7 9. g4 d5 10. g5 d4 11. Nxd4 exd4 12. Bxd4 Nfd7 13. f4 f6 14. h4 Nc6 15. Be3
Qa5 16. Bh5+ g6 17. Bf3 O-O-O 18. Qe2 Bb4 19. Bd2 Nd4 20. Qd1 Nc5 21. gxf6 Na4
22. Bg4 Bxg4 23. Qxg4+ Kb8 24. Rc1 Nxb2 25. Qg3 Nc4 26. f5+ Ka8 27. fxg6 hxg6
28. Bg5 Bxc3+ 29. Kf2 Bd2 30. Rcd1 Bxg5 31. Qxg5 Qxa2 32. Rde1 Qxc2+ 33. Kf1
Nf3 0-1

[Event "DFMM: NRW II-Baden"]
[Site "Braunfels"]
[Date "2010.06.06"]
[Round "5.1"]
[White "Zilberman, Polina"]
[Black "Zhang, Fan"]
[Result "1-0"]
[WhiteElo "2169"]
[BlackElo "2057"]
[PlyCount "65"]
[EventDate "2010.06.03"]
[WhiteTeam "Baden"]
[BlackTeam "NRW II"]

1. d4 d5 2. Nf3 c6 3. Bf4 Bf5 4. e3 e6 5. Be2 Nd7 6. Nbd2 Be7 7. h3 Qb6 8. Qc1
h6 9. c4 Ngf6 10. c5 Qd8 11. O-O a5 12. b3 O-O 13. a3 b6 14. b4 b5 15. a4 bxa4
16. b5 cxb5 17. Bxb5 Ne4 18. c6 Nb6 19. c7 Qc8 20. Qc6 Nxd2 21. Nxd2 Bb4 22.
Qxb6 Bxd2 23. g4 Be4 24. Bd6 Re8 25. Rfc1 Bb4 26. Bxb4 axb4 27. Rxa4 Rxa4 28.
Bxa4 Rf8 29. Bc6 e5 30. Bb7 Qd7 31. Qxb4 Qb5 32. Qxf8+ Kxf8 33. c8=Q+ 1-0

[Event "DFMM: NRW II-Baden"]
[Site "Braunfels"]
[Date "2010.06.06"]
[Round "5.2"]
[White "Roitburd, Marina"]
[Black "Frey, Alisa"]
[Result "1/2-1/2"]
[WhiteElo "1969"]
[BlackElo "2049"]
[PlyCount "45"]
[EventDate "2010.06.03"]
[WhiteTeam "NRW II"]
[BlackTeam "Baden"]

1. e4 e5 2. Nc3 Nf6 3. f4 d5 4. fxe5 Nxe4 5. d3 Nxc3 6. bxc3 d4 7. Nf3 Nc6 8.
cxd4 Nxd4 9. c3 Nxf3+ 10. Qxf3 Bc5 11. Qg3 g6 12. Bg5 Be7 13. Bxe7 Qxe7 14. d4
O-O 15. Bc4 c5 16. O-O cxd4 17. cxd4 Be6 18. Rac1 Rad8 19. Qe3 Qd7 20. Rfd1
Bxc4 21. Rxc4 Qd5 22. Rdc1 b5 23. Rc5 1/2-1/2

[Event "DFMM: NRW II-Baden"]
[Site "Braunfels"]
[Date "2010.06.06"]
[Round "5.3"]
[White "Vidonyak, Nellya"]
[Black "Hund, Isabel"]
[Result "1/2-1/2"]
[WhiteElo "2175"]
[BlackElo "2072"]
[PlyCount "68"]
[EventDate "2010.06.03"]
[WhiteTeam "Baden"]
[BlackTeam "NRW II"]

1. d4 Nf6 2. Nf3 g6 3. Nbd2 Bg7 4. e4 d6 5. Bd3 O-O 6. O-O c5 7. c3 cxd4 8.
Nxd4 Nc6 9. N2f3 Nd7 10. Qe2 Nde5 11. Nxe5 Bxe5 12. Be3 Bg7 13. f4 Nxd4 14.
cxd4 d5 15. e5 f5 16. h4 h5 17. Rac1 Bd7 18. Rc3 Rc8 19. Rfc1 Rxc3 20. bxc3 e6
21. g3 a6 22. c4 Bc6 23. Kh2 Rf7 24. cxd5 Bxd5 25. Bc4 Bf8 26. Qd3 Rd7 27. Bxd5
Rxd5 28. Qb3 Qd7 29. a4 Kf7 30. Qc2 Ba3 31. Rb1 Be7 32. Rb6 Bd8 33. Rb1 Be7 34.
Rb6 Bd8 1/2-1/2

[Event "DFMM: NRW II-Baden"]
[Site "Braunfels"]
[Date "2010.06.06"]
[Round "5.4"]
[White "Sokalska, Viktorija"]
[Black "Rubina, Tatiana"]
[Result "0-1"]
[WhiteElo "2026"]
[BlackElo "1980"]
[PlyCount "130"]
[EventDate "2010.06.03"]
[WhiteTeam "NRW II"]
[BlackTeam "Baden"]

1. e4 e6 2. d4 d5 3. exd5 exd5 4. c4 Nf6 5. Nc3 c6 6. Bd3 Be6 7. Qe2 Be7 8. Nf3
dxc4 9. Bxc4 Bxc4 10. Qxc4 Nbd7 11. O-O O-O 12. Bf4 Nb6 13. Qb3 Nbd5 14. Be5
Qd7 15. Rfe1 Rad8 16. Rad1 Qc8 17. Ne4 Nxe4 18. Rxe4 Nf6 19. Re2 Rd5 20. Rde1
Rb5 21. Qc2 Nd5 22. a3 Qg4 23. Qd2 Rb3 24. Bg3 Qd7 25. Qc2 Rb5 26. Ne5 Qd8 27.
Re4 Nf6 28. Rh4 g6 29. a4 Rd5 30. Qd2 Nh5 31. Rh3 Rxd4 32. Qe2 Nxg3 33. Rxg3
Bh4 34. Rh3 Rd2 35. Qc4 Rd1 36. Kf1 Qd2 37. Qe2 Rxe1+ 38. Qxe1 Qxe1+ 39. Kxe1
Re8 40. Re3 Bf6 41. Nd3 Rxe3+ 42. fxe3 Kf8 43. b3 Ke7 44. Ke2 Kd6 45. e4 a5 46.
Kf3 Be5 47. h3 b5 48. Ke3 bxa4 49. bxa4 c5 50. Nxe5 Kxe5 51. Kd3 f6 52. Kc4 Kd6
53. Kb5 h6 54. Kxa5 Kc6 55. g3 h5 56. h4 g5 57. hxg5 fxg5 58. e5 h4 59. gxh4
gxh4 60. e6 Kd6 61. Kb5 h3 62. a5 h2 63. a6 c4 64. Kb6 h1=Q 65. a7 Qc6+ 0-1

[Event "DFMM: NRW II-Baden"]
[Site "Braunfels"]
[Date "2010.06.06"]
[Round "5.5"]
[White "Schneider, Birgit"]
[Black "Karmann, Anna"]
[Result "1-0"]
[WhiteElo "2025"]
[BlackElo "1924"]
[PlyCount "53"]
[EventDate "2010.06.03"]
[WhiteTeam "Baden"]
[BlackTeam "NRW II"]

1. e4 c6 2. d4 d5 3. exd5 cxd5 4. c4 Nf6 5. Nc3 e6 6. Nf3 Nc6 7. cxd5 Nxd5 8.
Bd3 Be7 9. O-O O-O 10. Re1 Bf6 11. Be4 Nxc3 12. bxc3 Qc7 13. Bg5 Bxg5 14. Nxg5
h6 15. Nf3 Na5 16. Rc1 Nc4 17. Qe2 Rd8 18. Bd3 b5 19. Qe4 Bb7 20. Qh7+ Kf8 21.
Bxc4 bxc4 22. Ne5 Rd5 23. Qh8+ Ke7 24. Qxg7 Kd6 25. Nxf7+ Kd7 26. Ne5+ Kd6 27.
Qxc7+ 1-0

[Event "DFMM: NRW II-Baden"]
[Site "Braunfels"]
[Date "2010.06.06"]
[Round "5.6"]
[White "Mass, Elvira"]
[Black "Kohm, Vanessa"]
[Result "0-1"]
[WhiteElo "1981"]
[BlackElo "1768"]
[PlyCount "92"]
[EventDate "2010.06.03"]
[WhiteTeam "NRW II"]
[BlackTeam "Baden"]

1. Nf3 c5 2. g3 Nc6 3. Bg2 g6 4. O-O Bg7 5. d3 d6 6. e4 e6 7. Nbd2 Nge7 8. Re1
O-O 9. Nf1 Rb8 10. h4 h6 11. c3 b6 12. Be3 d5 13. Qc1 Kh7 14. N3h2 d4 15. cxd4
cxd4 16. Bd2 e5 17. b4 Be6 18. b5 Na5 19. Bb4 Re8 20. Qa3 Nc8 21. Qb2 Nd6 22.
a4 Nb3 23. Ra3 Nc5 24. Rc1 Ndb7 25. Nd2 Rc8 26. Bf1 Re7 27. Nc4 Rec7 28. Qe2
Nxd3 29. Qxd3 Bxc4 30. Qf3 Be6 31. Rxc7 Qxc7 32. Ra1 Nc5 33. Be2 Qb7 34. Bd3
Bf8 35. Be1 h5 36. Qe2 Bh6 37. Nf1 Nxd3 38. Qxd3 Bc4 39. Qb1 Bxf1 40. Kxf1 Rc1
41. Qa2 Rxa1 42. Qxa1 Qxe4 43. Qa2 d3 44. Qxf7+ Bg7 45. f3 Qe2+ 46. Kg1 Qxe1+
0-1

[Event "DFMM: NRW II-Baden"]
[Site "Braunfels"]
[Date "2010.06.06"]
[Round "5.7"]
[White "Dittrich, Jacqueline"]
[Black "Lennartz, Christina"]
[Result "0-1"]
[WhiteElo "1731"]
[BlackElo "1844"]
[PlyCount "80"]
[EventDate "2010.06.03"]
[WhiteTeam "Baden"]
[BlackTeam "NRW II"]

1. Nc3 Nf6 2. e4 e5 3. Bc4 Bb4 4. Nge2 c6 5. O-O O-O 6. Ng3 d5 7. exd5 cxd5 8.
Bb3 Nc6 9. a3 Ba5 10. Nce2 Bb6 11. c3 h6 12. h3 d4 13. d3 Bc7 14. Kh1 Nd5 15.
Bd2 Nf4 16. Nxf4 exf4 17. Ne2 f3 18. gxf3 Qh4 19. f4 Bxh3 20. Kg1 Bxf1 21. Qxf1
Qg4+ 22. Kh2 Rae8 23. f3 Qh4+ 24. Kg2 g5 25. Qf2 Qh5 26. Rh1 Qg6 27. fxg5 hxg5
28. Kf1 Kg7 29. Rg1 f6 30. f4 Qxd3 31. fxg5 f5 32. g6 Qxd2 33. Rh1 Rh8 34. Rh7+
Rxh7 35. gxh7 Qxe2+ 36. Qxe2 Rxe2 37. Kxe2 Kxh7 38. Bc2 Kg6 39. Kd3 dxc3 40.
Kxc3 Be5+ 0-1

[Event "DFMM: NRW II-Baden"]
[Site "Braunfels"]
[Date "2010.06.06"]
[Round "5.8"]
[White "Roitburd, Swetlana"]
[Black "Braun, Viktoria"]
[Result "0-1"]
[WhiteElo "1634"]
[BlackElo "1588"]
[PlyCount "44"]
[EventDate "2010.06.03"]
[WhiteTeam "NRW II"]
[BlackTeam "Baden"]

1. e4 e5 2. Nf3 Nc6 3. Bb5 a6 4. Bxc6 dxc6 5. d3 Bd6 6. Nc3 Nf6 7. Bg5 h6 8.
Bh4 Bg4 9. h3 Bh5 10. O-O O-O 11. Re1 Re8 12. a3 Bc5 13. Kh1 Qe7 14. g4 Bg6 15.
Ne2 Rad8 16. Nd2 Bh7 17. f4 exf4 18. Bxf6 Qxf6 19. Nc3 Bd4 20. Rb1 b6 21. Qc1
Qh4 22. Nf3 Qxh3+ 0-1

[Event "DFMM: Niedersachsen-Bayern"]
[Site "Braunfels"]
[Date "2010.06.06"]
[Round "5.1"]
[White "Jussupow, Nadia"]
[Black "Zschischang, Marine"]
[Result "1-0"]
[WhiteElo "2148"]
[BlackElo "2089"]
[PlyCount "55"]
[EventDate "2010.06.03"]
[WhiteTeam "Bayern"]
[BlackTeam "Niedersachsen"]

1. d4 e6 2. Nf3 Nf6 3. g3 d5 4. Bg2 Nbd7 5. O-O Bd6 6. c4 c6 7. Nbd2 O-O 8. Qc2
e5 9. cxd5 Nxd5 10. Nc4 Qe7 11. Nxd6 Qxd6 12. Rd1 exd4 13. Nxd4 N7f6 14. a3 Qe7
15. b4 a6 16. Bb2 Re8 17. Rac1 Ne4 18. Qb3 Qg5 19. a4 Nc7 20. Nxc6 bxc6 21.
Rxc6 Qe7 22. Qc4 Nxf2 23. Kxf2 Qe3+ 24. Kf1 Bb7 25. Bd4 Bxc6 26. Bxe3 Bxg2+ 27.
Kxg2 Rxe3 28. Qc5 1-0

[Event "DFMM: Niedersachsen-Bayern"]
[Site "Braunfels"]
[Date "2010.06.06"]
[Round "5.2"]
[White "Schulze, Dorothee"]
[Black "Ankerst, Milka"]
[Result "1/2-1/2"]
[WhiteElo "1986"]
[BlackElo "2134"]
[PlyCount "147"]
[EventDate "2010.06.03"]
[WhiteTeam "Niedersachsen"]
[BlackTeam "Bayern"]

1. e4 c5 2. Nf3 Nc6 3. d4 cxd4 4. Nxd4 g6 5. Be3 Bg7 6. Nc3 Nf6 7. Bc4 Qa5 8.
O-O O-O 9. Bb3 d6 10. Nd5 Nxd5 11. exd5 Ne5 12. f3 Bd7 13. c4 Rac8 14. Rc1 a6
15. Qe2 Qd8 16. Qd2 Qc7 17. Rc3 Qb8 18. Rfc1 Rfe8 19. Bg5 Bf8 20. Kh1 Rc5 21.
Bd1 Rec8 22. Be2 R5c7 23. b3 Re8 24. Qd1 Bc8 25. f4 Nd7 26. f5 Ne5 27. Qd2 Qa7
28. Be3 Qb8 29. Rf1 Bg7 30. Bh6 Bf6 31. Bg5 Bg7 32. Rh3 Nd7 33. fxg6 hxg6 34.
Bg4 Ne5 35. Bxc8 Qxc8 36. Qf4 Qg4 37. Qxg4 Nxg4 38. Rd3 Ne5 39. Rd2 Rec8 40. a4
Ng4 41. h3 Bxd4 42. Rxd4 Ne5 43. a5 f6 44. Be3 Kg7 45. Ra1 Rh8 46. Kg1 g5 47.
Ra4 Kg6 48. Ra1 Rh5 49. Rd2 Rc8 50. Bd4 Rch8 51. Bxe5 dxe5 52. Rf1 Rd8 53. Rfd1
Rh4 54. Re1 Rd7 55. Rd3 Rh8 56. g4 Rc8 57. Kg2 Rc5 58. Ra1 e6 59. Rad1 exd5 60.
Rxd5 Rcxd5 61. cxd5 Rd6 62. Kf3 f5 63. Ke3 Kf6 64. Rd2 f4+ 65. Ke4 Rd7 66. Rc2
Rh7 67. Rc3 Rd7 68. Rc8 Re7 69. Rf8+ Kg7 70. Rc8 Kf7 71. Rc3 Kf6 72. Rc8 Rh7
73. Rc3 Rd7 74. Rc8 1/2-1/2

[Event "DFMM: Niedersachsen-Bayern"]
[Site "Braunfels"]
[Date "2010.06.06"]
[Round "5.3"]
[White "Stangl, Anita"]
[Black "Markgraf, Claudia"]
[Result "0-1"]
[WhiteElo "2146"]
[BlackElo "2040"]
[PlyCount "87"]
[EventDate "2010.06.03"]
[WhiteTeam "Bayern"]
[BlackTeam "Niedersachsen"]

1. e4 Nf6 2. Nc3 d5 3. e5 d4 4. exf6 dxc3 5. bxc3 exf6 6. Nf3 Bd6 7. Be2 O-O 8.
O-O c6 9. d4 Qa5 10. c4 Bg4 11. c5 Be7 12. Re1 Rd8 13. Bd2 Qc7 14. c3 b6 15.
cxb6 axb6 16. Nh4 Be6 17. Bg4 Bc4 18. Nf5 Ba3 19. Nxg7 Kxg7 20. Bf5 Ra5 21. Qh5
Rxf5 22. Qxf5 Nd7 23. Re4 Be6 24. Qh5 Kf8 25. Qxh7 Ke7 26. f4 Nf8 27. Qg7 f5
28. Re2 Kd7 29. Bc1 Bd6 30. g3 Kc8 31. a4 Bc4 32. Re1 c5 33. Ba3 Qc6 34. Qf6
Be6 35. Bb2 Qf3 36. Rf1 Qe2 37. Rf2 Qe4 38. Kf1 Bc4+ 39. Kg1 Bd5 40. Kf1 Re8
41. Qe5 Bxe5 42. fxe5 Ne6 43. Re1 Bc4+ 44. Kg1 0-1

[Event "DFMM: Niedersachsen-Bayern"]
[Site "Braunfels"]
[Date "2010.06.06"]
[Round "5.4"]
[White "Kickert, Germaine Helene"]
[Black "Dirmeier, Carolin"]
[Result "0-1"]
[WhiteElo "1973"]
[BlackElo "2019"]
[PlyCount "62"]
[EventDate "2010.06.03"]
[WhiteTeam "Niedersachsen"]
[BlackTeam "Bayern"]

1. e4 c5 2. Nf3 Nc6 3. d4 cxd4 4. Nxd4 Nf6 5. Nc3 e5 6. Ndb5 d6 7. Bg5 a6 8.
Na3 b5 9. Bxf6 gxf6 10. Nd5 f5 11. Bd3 Be6 12. c3 Rc8 13. c4 Nd4 14. exf5 Nxf5
15. cxb5 Nd4 16. Nc3 Qa5 17. Qd2 d5 18. Nab1 axb5 19. O-O Rg8 20. Kh1 b4 21.
Ne2 Nxe2 22. Qxe2 e4 23. Bb5+ Ke7 24. f3 e3 25. f4 f5 26. Bd3 d4 27. a3 Bd5 28.
Rg1 Bxg2+ 29. Qxg2 Rxg2 30. Kxg2 Qd5+ 31. Kg3 b3 0-1

[Event "DFMM: Niedersachsen-Bayern"]
[Site "Braunfels"]
[Date "2010.06.06"]
[Round "5.5"]
[White "Niedermaier, Barbara"]
[Black "Günnigmann, Laura"]
[Result "0-1"]
[WhiteElo "2003"]
[BlackElo "1881"]
[PlyCount "106"]
[EventDate "2010.06.03"]
[WhiteTeam "Bayern"]
[BlackTeam "Niedersachsen"]

1. e4 c5 2. Nf3 Nc6 3. d4 cxd4 4. c3 d5 5. exd5 Qxd5 6. cxd4 e5 7. Nc3 Bb4 8.
Bd2 Bxc3 9. Bxc3 e4 10. Ne5 Nxe5 11. dxe5 Ne7 12. Qxd5 Nxd5 13. Bb5+ Bd7 14.
Bxd7+ Kxd7 15. O-O-O Ke6 16. Bd4 Nf4 17. Kb1 Nd3 18. f3 Rhd8 19. Be3 exf3 20.
gxf3 Nxe5 21. Bd4 Nxf3 22. Bxg7 Rxd1+ 23. Rxd1 Rg8 24. Rd3 Rxg7 25. Rxf3 Rg1+
26. Kc2 Rg2+ 27. Kc3 Rxh2 28. Re3+ Kd7 29. Rd3+ Ke7 30. a3 f5 31. b4 Ke6 32.
Re3+ Kf6 33. Kd4 Rd2+ 34. Kc3 Rd7 35. Rf3 Ke5 36. Rf1 f4 37. Re1+ Kf5 38. Re8
f3 39. Rf8+ Kg4 40. Rg8+ Kf4 41. Rf8+ Kg3 42. Rg8+ Kh2 43. Rf8 Rg7 44. Kd2 Kg2
45. Ke3 Re7+ 46. Kd2 f2 47. Rg8+ Kf1 48. Rg3 h5 49. Rg5 h4 50. Rg6 h3 51. Rh6
h2 52. Rh8 h1=Q 53. Rxh1+ Kg2 0-1

[Event "DFMM: Niedersachsen-Bayern"]
[Site "Braunfels"]
[Date "2010.06.06"]
[Round "5.6"]
[White "Rethmann, Kristin"]
[Black "Specht, Maria"]
[Result "1-0"]
[WhiteElo "1782"]
[BlackElo "1936"]
[PlyCount "123"]
[EventDate "2010.06.03"]
[WhiteTeam "Niedersachsen"]
[BlackTeam "Bayern"]

1. e4 c5 2. Nf3 d6 3. d4 cxd4 4. Nxd4 Nf6 5. Nc3 g6 6. f3 a6 7. Be3 Bg7 8. Qd2
O-O 9. O-O-O Nc6 10. g4 Nxd4 11. Bxd4 Qa5 12. Bc4 b5 13. Bb3 Be6 14. Kb1 Bxb3
15. cxb3 e5 16. Be3 b4 17. Nd5 Nxd5 18. Qxd5 Qxd5 19. Rxd5 f5 20. exf5 gxf5 21.
Rxd6 fxg4 22. fxg4 Rf3 23. Bc5 Bf8 24. Rc6 Bxc5 25. Rxc5 Re8 26. Re1 e4 27. Rc4
e3 28. Rxb4 e2 29. Rc4 Rf2 30. h3 Kf7 31. b4 Rf1 32. Rcc1 Rf2 33. a4 Re4 34. b5
Rxa4 35. bxa6 Rxa6 36. Rc2 Re6 37. Kc1 Rf1 38. Kd2 Rf2 39. Rc3 Rh2 40. b4 Rd6+
41. Kc2 Rd4 42. b5 Rb4 43. Rb3 Rxb3 44. Kxb3 Rxh3+ 45. Kc4 Re3 46. b6 Re7 47.
Kc5 Ke8 48. Kc6 Kd8 49. g5 Kc8 50. Kd6 Re8 51. Kc6 Re6+ 52. Kd5 Rxb6 53. Rxe2
Rb5+ 54. Kc6 Rb6+ 55. Kxb6 Kd7 56. Kc5 Kc7 57. Re7+ Kd8 58. Kd6 Kc8 59. Rxh7
Kb8 60. Kc6 Ka8 61. Kb6 Kb8 62. Rh8# 1-0

[Event "DFMM: Niedersachsen-Bayern"]
[Site "Braunfels"]
[Date "2010.06.06"]
[Round "5.7"]
[White "Roos, Karin"]
[Black "Aden, Dagmar"]
[Result "0-1"]
[WhiteElo "1875"]
[BlackElo "1783"]
[PlyCount "88"]
[EventDate "2010.06.03"]
[WhiteTeam "Bayern"]
[BlackTeam "Niedersachsen"]

1. e4 c5 2. Nf3 d6 3. d4 cxd4 4. Nxd4 Nf6 5. Bd3 a6 6. Nc3 g6 7. O-O Bg7 8. h3
O-O 9. Be3 Nc6 10. Nxc6 bxc6 11. Qd2 Rb8 12. Rab1 Re8 13. Bh6 Bh8 14. Qe2 Qa5
15. Rfe1 Qh5 16. Qe3 Nd7 17. Be2 Qc5 18. Bg4 Qxe3 19. Rxe3 Ne5 20. Be2 a5 21.
b3 Be6 22. Rd1 Nd7 23. Nb1 Nc5 24. Kh2 a4 25. f4 axb3 26. axb3 Rb4 27. f5 Be5+
28. g3 gxf5 29. exf5 Bxf5 30. Bc4 Bxc2 31. Rf1 Bg6 32. Nd2 Bg7 33. Bg5 e6 34.
Be2 Ne4 35. Nxe4 Rxe4 36. Bf3 Rxe3 37. Bxe3 Rb8 38. Ba7 Rxb3 39. Bxc6 Be5 40.
Bf2 d5 41. Re1 Be4 42. h4 Rf3 43. Kg2 Rxg3+ 44. Kh2 Rc3+ 0-1